000
00317nam a22001337a 4500
008
250220b |||||||| |||| 00| 0 eng d
020
_a
8184241488
050
_a
HD9651
_b
.D78
100
_a
DRUCKER, F. Peter
245
_a
Management
260
_a
New Delhi
_b
Sunil Sachens
_c
1994
300
_a
xvi, 839p.
942
_c
BK
999
_c
1995
_d
1995